الذكاء العاطفي زعلاقته بمهارات تقرير المصير لدى الطلبة ذوي صعوبات التعلم = Emotional intelligence and its relationship to self-determination skills among students with learning difficulties / (Record no. 33601)
[ view plain ]
| 000 -LEADER | |
|---|---|
| fixed length control field | 00949nam a22001697a 4500 |
| 003 - CONTROL NUMBER IDENTIFIER | |
| control field | JO-AjAnu |
| 005 - DATE AND TIME OF LATEST TRANSACTION | |
| control field | 20240708131740.0 |
| 008 - FIXED-LENGTH DATA ELEMENTS--GENERAL INFORMATION | |
| fixed length control field | 240708b jo ||||| |||| 00| 0 ara d |
| 040 ## - CATALOGING SOURCE | |
| Original cataloging agency | JO-AjAnu |
| Language of cataloging | ara |
| Transcribing agency | JO-AjAnu |
| 041 #1 - LANGUAGE CODE | |
| Language code of original | ara |
| 100 ## - MAIN ENTRY--PERSONAL NAME | |
| Personal name | السميري، عز الدين محمود حافظ |
| Relator term | معد |
| 9 (RLIN) | 66098 |
| 245 10 - TITLE STATEMENT | |
| Title | الذكاء العاطفي زعلاقته بمهارات تقرير المصير لدى الطلبة ذوي صعوبات التعلم = Emotional intelligence and its relationship to self-determination skills among students with learning difficulties / |
| Statement of responsibility, etc. | اعداد عز الدين محمود حافظ المسيري ؛ اشراف خالد احمد عبيدات |
| 260 ## - PUBLICATION, DISTRIBUTION, ETC. | |
| Date of publication, distribution, etc. | 2024 |
| 300 ## - PHYSICAL DESCRIPTION | |
| Extent | 87 ورقة |
| 500 ## - GENERAL NOTE | |
| General note | رسالة جامعية (اطروحة ماجستير) جامعة عجلون الوطنية/كلية العلوم التربوية، تخصص صعوبات التعلم، 2024 |
| 942 ## - ADDED ENTRY ELEMENTS (KOHA) | |
| Source of classification or shelving scheme | Library of Congress Classification |
| Koha item type | Thesis |
| Suppress in OPAC | No |
No items available.